[Event "Stop parking servis - Novi Sad "]
[Site "Novi Sad"]
[Date "2014.07.02"]
[Round "8.6"]
[White "Martorelli, Antonio"]
[Black "Obodchuk, Andrei"]
[Result "0-1"]
[WhiteElo "2263"]
[BlackElo "2374"]
[PlyCount "108"]
[EventDate "2014.06.27"]

1. e4 c5 2. Nf3 Nc6 3. d4 cxd4 4. Nxd4 Nf6 5. Nc3 d6 6. Be2 e6 7. Be3 Be7 8.
O-O O-O 9. f4 Bd7 10. Qe1 a6 11. Qg3 Nxd4 12. Bxd4 Bc6 13. Rad1 Qc7 14. e5 dxe5
15. fxe5 Ne4 16. Qg4 Nxc3 17. bxc3 Bb5 18. Bd3 Bc5 19. Qh5 g6 20. Qg5 Rfd8 21.
Rf4 Rd7 22. h4 Bxd4+ 23. cxd4 Bxd3 24. Rxd3 Qxc2 25. Rg3 Qd1+ 26. Kh2 Rc8 27.
Qf6 Rc1 28. Rgf3 Qg1+ 29. Kg3 Rc2 30. Rf2 Rxf2 31. Rxf2 Qd1 32. Rf4 b5 33. h5
Qxh5 34. d5 g5 35. Rg4 h6 36. dxe6 Rd3+ 37. Kf2 fxe6 38. Rg3 Rd2+ 39. Kg1 Rd1+
40. Kf2 Qf7 41. Rf3 Qxf6 42. Rxf6 Rd2+ 43. Kf3 Rxa2 44. Rxe6 Kf7 45. Rxh6 a5
46. g4 a4 47. Rb6 Rb2 48. Ke4 a3 49. Kf5 Rf2+ 50. Kxg5 a2 51. Rb7+ Ke6 52. Rb6+
Ke7 53. Rb7+ Kd8 54. Ra7 b4 0-1

[Event "Stop parking servis - Novi Sad "]
[Site "Novi Sad"]
[Date "2014.07.02"]
[Round "8.7"]
[White "Laketic, Gojko"]
[Black "Drogovoz, Irina"]
[Result "1-0"]
[WhiteElo "2428"]
[BlackElo "2073"]
[PlyCount "52"]
[EventDate "2014.06.27"]

1. d4 Nf6 2. c4 g6 3. Nc3 d5 4. Nf3 Bg7 5. Bg5 Ne4 6. Bf4 Nxc3 7. bxc3 dxc4 8.
Qa4+ Qd7 9. Qxc4 b6 10. Ne5 Qf5 11. e3 O-O 12. Bd3 Ba6 13. Bxf5 Bxc4 14. Be4
Bxe5 15. Bxe5 c6 16. Bxb8 Raxb8 17. Bxc6 Rfc8 18. Bf3 b5 19. Kd2 b4 20. cxb4
Rxb4 21. Rhb1 Ra4 22. a3 Be6 23. Rb4 Ra5 24. Bd1 Bd5 25. f3 f5 26. a4 Kf7 1-0

[Event "Stop parking servis - Novi Sad "]
[Site "Novi Sad"]
[Date "2014.07.02"]
[Round "8.8"]
[White "Popchev, Milko"]
[Black "Cengija, Vanja"]
[Result "0-1"]
[WhiteElo "2331"]
[BlackElo "2263"]
[PlyCount "66"]
[EventDate "2014.06.27"]

1. d4 d5 2. c4 dxc4 3. Nf3 Nf6 4. e3 Bg4 5. Bxc4 e6 6. h3 Bh5 7. O-O Nbd7 8. b3
Be7 9. Bb2 O-O 10. Be2 a5 11. Nc3 Nd5 12. Nd2 Bg6 13. Bf3 c6 14. Nc4 b5 15. Ne5
Nxe5 16. dxe5 Qb6 17. Ne4 Bxe4 18. Bxe4 Rfd8 19. Qe2 a4 20. Rac1 axb3 21. axb3
Ra2 22. Bb1 Ra6 23. Bd4 Qb8 24. Rfd1 g6 25. e4 Nb4 26. Bb2 Ra7 27. g3 Rad7 28.
Rxd7 Rxd7 29. h4 Qd8 30. Bc3 Na6 31. Bc2 Bb4 32. Bxb4 Nxb4 33. Rd1 Rd4 0-1

[Event "Stop parking servis - Novi Sad "]
[Site "Novi Sad"]
[Date "2014.07.02"]
[Round "9.1"]
[White "Chandra, Akshat"]
[Black "Stankovic, Milos"]
[Result "1/2-1/2"]
[WhiteElo "2436"]
[BlackElo "2408"]
[PlyCount "46"]
[EventDate "2014.06.27"]

1. e4 e6 2. d4 d5 3. Nd2 h6 4. Ngf3 Nf6 5. e5 Nfd7 6. Bd3 c5 7. c3 Nc6 8. O-O
g5 9. dxc5 Bxc5 10. Nb3 Bb6 11. Bb5 Qc7 12. Re1 Kf8 13. a4 a6 14. Bxc6 bxc6 15.
a5 Ba7 16. Be3 Bxe3 17. Rxe3 Rb8 18. c4 dxc4 19. Nbd2 g4 20. Nh4 Nxe5 21. Qc2
Rb5 22. Nxc4 Nxc4 23. Qxc4 e5 1/2-1/2

[Event "Stop parking servis - Novi Sad "]
[Site "Novi Sad"]
[Date "2014.07.02"]
[Round "9.2"]
[White "Drazic, Sinisa"]
[Black "Pezelj, Novak"]
[Result "0-1"]
[WhiteElo "2433"]
[BlackElo "2390"]
[PlyCount "78"]
[EventDate "2014.06.27"]

1. e4 c5 2. b4 cxb4 3. a3 d5 4. exd5 Qxd5 5. Nf3 Bf5 6. Be2 Nc6 7. c4 bxc3 8.
Nxc3 Qd7 9. d4 e6 10. O-O Bd6 11. d5 exd5 12. Nxd5 Nge7 13. Ne3 Be6 14. Bb2 O-O
15. Ng5 Bf4 16. Nxe6 Qxe6 17. Bc4 Qg6 18. Qf3 Qg5 19. h4 Qh6 20. Ng4 Qd6 21. g3
h5 22. gxf4 Qg6 23. f5 Nxf5 24. Qf4 Qxg4+ 25. Qxg4 hxg4 26. h5 Rad8 27. Rfd1
Ncd4 28. Kg2 Rd6 29. Rd3 Rfd8 30. Rad1 b5 31. Ba2 a6 32. Bb1 Ne6 33. Rxd6 Rxd6
34. Rxd6 Nxd6 35. Kg3 Nc4 36. Bc1 Nd4 37. Kxg4 Ne2 38. Bg5 Nxa3 39. Bd3 Nd4 0-1

[Event "Stop parking servis - Novi Sad "]
[Site "Novi Sad"]
[Date "2014.07.02"]
[Round "9.4"]
[White "Obodchuk, Andrei"]
[Black "Bodrozic, Tomislav"]
[Result "1/2-1/2"]
[WhiteElo "2374"]
[BlackElo "2267"]
[PlyCount "50"]
[EventDate "2014.06.27"]

1. e4 c5 2. Nf3 d6 3. d4 cxd4 4. Nxd4 Nf6 5. Nc3 a6 6. f4 e5 7. Nf3 Nbd7 8. Bd3
Be7 9. O-O O-O 10. a4 exf4 11. Kh1 Nh5 12. Nd5 Ndf6 13. Nxf4 Nxf4 14. Bxf4 Bg4
15. Qd2 Nd7 16. Nd4 Ne5 17. Nf5 Bf6 18. Be2 Bxf5 19. exf5 Rc8 20. c3 Qb6 21. a5
Qc6 22. Bf3 Qb5 23. Bd5 Rfe8 24. h3 Rc5 25. Rad1 Nc4 1/2-1/2

[Event "Stop parking servis - Novi Sad "]
[Site "Novi Sad"]
[Date "2014.07.02"]
[Round "9.5"]
[White "Drogovoz, Irina"]
[Black "Lajthajm, Borko"]
[Result "1-0"]
[WhiteElo "2073"]
[BlackElo "2526"]
[PlyCount "161"]
[EventDate "2014.06.27"]

1. Nf3 g6 2. d4 Bg7 3. c4 d6 4. Nc3 c6 5. h3 Nd7 6. e4 Qc7 7. g3 Ngf6 8. Bg2
O-O 9. O-O a6 10. Qc2 e5 11. Re1 Nh5 12. d5 c5 13. Bd2 h6 14. Rab1 Nb6 15. Ne2
a5 16. b3 g5 17. Nc3 f5 18. Nh2 f4 19. g4 Nf6 20. f3 Bd7 21. a4 Nc8 22. Kf2 h5
23. Rh1 Ne7 24. Rbg1 Kf7 25. Bf1 Rh8 26. Qd1 Rh7 27. Ke2 Rah8 28. Kd3 hxg4 29.
Nxg4 Ng6 30. Be1 Nh5 31. Rh2 Bf8 32. Ra2 Ng3 33. Bxg3 fxg3 34. Rxg3 Nf4+ 35.
Ke3 Nxh3 36. Bxh3 Rxh3 37. Rxh3 Rxh3 38. Rg2 Qc8 39. Qg1 Be7 40. Nd1 Qf8 41.
Ndf2 Rh4 42. Nd3 Qh8 43. Ndf2 Ke8 44. Rg3 Kd8 45. Rg2 Kc8 46. Nd3 Qe8 47. Qd1
Kb8 48. Ndf2 Ka7 49. Qd2 Ka6 50. Qd1 Qf7 51. Qg1 Qh5 52. Nd3 Ka7 53. Ndf2 Bd8
54. Rg3 Qe8 55. Qd1 b5 56. axb5 a4 57. bxa4 Ba5 58. Nd3 Qf7 59. Ke2 Bc3 60. Rg2
Kb7 61. Ngf2 Qh7 62. Qg1 g4 63. Nxg4 Qh5 64. Nf6 Qh6 65. Qc1 Qxc1 66. Nxc1 Bh3
67. Rg7+ Kb6 68. Rh7 Rxh7 69. Nxh7 Ka5 70. Nf6 Kxa4 71. b6 Ba5 72. Ne8 Bxb6 73.
Nxd6 Kb4 74. Nf7 Bc7 75. Nxe5 Bxe5 76. Nd3+ Kxc4 77. Nxe5+ Kb4 78. d6 c4 79. d7
Bxd7 80. Nxd7 Kb3 81. Nc5+ 1-0

[Event "Stop parking servis - Novi Sad "]
[Site "Novi Sad"]
[Date "2014.07.02"]
[Round "9.6"]
[White "Cengija, Vanja"]
[Black "Martorelli, Antonio"]
[Result "1-0"]
[WhiteElo "2263"]
[BlackElo "2263"]
[PlyCount "24"]
[EventDate "2014.06.27"]

1. d4 Nf6 2. c4 g6 3. Nc3 Bg7 4. Nf3 d6 5. Bg5 h6 6. Bh4 g5 7. Bg3 Nh5 8. e3 c5
9. Be2 Nd7 10. O-O g4 11. Nh4 Nxg3 12. hxg3 cxd4 1-0

[Event "Stop parking servis - Novi Sad "]
[Site "Novi Sad"]
[Date "2014.07.02"]
[Round "9.7"]
[White "Kostic, Vladimir G"]
[Black "Popchev, Milko"]
[Result "1-0"]
[WhiteElo "2400"]
[BlackElo "2331"]
[PlyCount "107"]
[EventDate "2014.06.27"]

1. e4 d6 2. d4 Nf6 3. Nc3 g6 4. Bg5 Bg7 5. f4 O-O 6. Nf3 c6 7. Bd3 b5 8. e5 Ne8
9. Qe2 f6 10. Bh4 Nc7 11. O-O b4 12. Ne4 a5 13. c4 bxc3 14. bxc3 Ba6 15. c4 d5
16. Nc5 Bxc4 17. Bxc4 dxc4 18. Qxc4+ Qd5 19. Rfc1 Nba6 20. Qxd5+ Nxd5 21. Ne6
Rfc8 22. Be1 Nab4 23. g3 Nd3 24. Rc4 Nxe1 25. Rxe1 Kf7 26. Nc5 Rab8 27. Re2
Rb1+ 28. Kf2 Rcb8 29. e6+ Kg8 30. Nd7 Rc8 31. Nd2 Rb4 32. a3 Rxc4 33. Nxc4 f5
34. Nce5 Bxe5 35. Rxe5 Kg7 36. Re2 h6 37. Rc2 g5 38. Kf3 g4+ 39. Ke2 h5 40. Kd3
h4 41. Rc5 a4 42. Ne5 Kf6 43. Nxc6 hxg3 44. hxg3 Kxe6 45. Rxd5 Rxc6 46. Re5+
Kf6 47. d5 Rc1 48. Re6+ Kf7 49. Re3 Rd1+ 50. Kc4 Rb1 51. Kd4 Rd1+ 52. Ke5 Rf1
53. Kxf5 Rf3 54. Ke4 1-0

[Event "Stop parking servis - Novi Sad "]
[Site "Novi Sad"]
[Date "2014.07.03"]
[Round "10.1"]
[White "Pikula, Dejan"]
[Black "Pezelj, Novak"]
[Result "1/2-1/2"]
[WhiteElo "2491"]
[BlackElo "2390"]
[PlyCount "24"]
[EventDate "2014.06.27"]

1. e4 c6 2. d4 d5 3. Nc3 dxe4 4. Nxe4 Bf5 5. Ng3 Bg6 6. Bc4 e6 7. N1e2 Bd6 8.
Nf4 Nf6 9. h4 Bxf4 10. Bxf4 h6 11. h5 Bh7 12. c3 Nbd7 1/2-1/2

[Event "Stop parking servis - Novi Sad "]
[Site "Novi Sad"]
[Date "2014.07.03"]
[Round "10.3"]
[White "Kostic, Vladimir G"]
[Black "Chandra, Akshat"]
[Result "0-1"]
[WhiteElo "2400"]
[BlackElo "2436"]
[PlyCount "74"]
[EventDate "2014.06.27"]

1. e4 c5 2. c3 Nf6 3. e5 Nd5 4. d4 cxd4 5. Nf3 e6 6. cxd4 d6 7. Bc4 Be7 8. O-O
O-O 9. Qe2 b6 10. Nc3 Nxc3 11. bxc3 Bb7 12. exd6 Bxd6 13. Bd3 Nd7 14. Bb2 Qc7
15. h3 Rae8 16. Ng5 Nf6 17. Rfe1 h6 18. Nf3 Nd5 19. Bb5 Rc8 20. Qf1 Bf4 21. Ba6
Bxa6 22. Qxa6 Qc4 23. Qxc4 Rxc4 24. g3 Bd6 25. Nd2 Rc7 26. c4 Nb4 27. Ba3 Rd8
28. c5 bxc5 29. dxc5 Bxc5 30. Nb3 Bf8 31. Red1 Nd5 32. Bxf8 Kxf8 33. Rac1 Rdc8
34. Rxc7 Rxc7 35. Rb1 f5 36. Nd2 Rc2 37. Nf3 Rxa2 0-1

[Event "Stop parking servis - Novi Sad "]
[Site "Novi Sad"]
[Date "2014.07.03"]
[Round "10.4"]
[White "Bodrozic, Tomislav"]
[Black "Cengija, Vanja"]
[Result "1-0"]
[WhiteElo "2267"]
[BlackElo "2263"]
[PlyCount "115"]
[EventDate "2014.06.27"]

1. e4 e6 2. d4 b6 3. Bd3 Bb7 4. Nf3 Nf6 5. Qe2 c5 6. d5 Qc7 7. c4 e5 8. Nc3 d6
9. O-O Be7 10. g3 Nbd7 11. Nh4 a6 12. f4 h6 13. Nf3 Nh7 14. fxe5 Nxe5 15. Nxe5
dxe5 16. a3 Rd8 17. Be3 Nf6 18. Rab1 h5 19. b4 Ng4 20. Na4 Bc8 21. bxc5 bxc5
22. Bd2 Bd7 23. Nb6 Qd6 24. Ba5 O-O 25. Nxd7 Rxd7 26. Rb6 Qc7 27. Rfb1 Qa7 28.
Rc6 Bd8 29. Bb6 Bxb6 30. Rbxb6 Rb7 31. Rxa6 Qb8 32. h3 Rb2 33. Bc2 Nf6 34. Qd3
Nd7 35. Ra5 Qd8 36. Rb5 Ra2 37. h4 Qa8 38. a4 Ra1+ 39. Kg2 f5 40. exf5 Nf6 41.
Qc3 Ra2 42. Qb3 Ra1 43. Rcb6 Rc1 44. Rb7 Ng4 45. Be4 Re1 46. Rb8 Qa6 47. Bf3
Rxb8 48. Rxb8+ Kh7 49. Bxg4 hxg4 50. Qc2 Qf6 51. Kf2 Rh1 52. Qe4 Rh2+ 53. Kg1
Ra2 54. Qxg4 Rxa4 55. Rc8 Qa6 56. Qh5+ Qh6 57. Qxh6+ Kxh6 58. Rxc5 1-0

[Event "Stop parking servis - Novi Sad "]
[Site "Novi Sad"]
[Date "2014.07.03"]
[Round "10.5"]
[White "Drogovoz, Irina"]
[Black "Obodchuk, Andrei"]
[Result "0-1"]
[WhiteElo "2073"]
[BlackElo "2374"]
[PlyCount "58"]
[EventDate "2014.06.27"]

1. d4 Nf6 2. Nf3 g6 3. c4 Bg7 4. Nc3 O-O 5. e4 d6 6. g3 c5 7. h3 cxd4 8. Nxd4
Nc6 9. Be3 Nxd4 10. Bxd4 Be6 11. b3 Qa5 12. Qc2 Rac8 13. Be2 a6 14. Kf1 b5 15.
cxb5 axb5 16. Qb2 b4 17. Nd1 d5 18. Ne3 dxe4 19. Nc4 Bxc4 20. Bxc4 Rfd8 21. Kg2
Ne8 22. Bxg7 Nxg7 23. Rhe1 Qa8 24. Rad1 Nf5 25. Qe2 e3+ 26. f3 Qb8 27. f4 Qa8+
28. Qf3 Rd2+ 29. Be2 Nd4 0-1

[Event "Stop parking servis - Novi Sad "]
[Site "Novi Sad"]
[Date "2014.07.03"]
[Round "10.6"]
[White "Martorelli, Antonio"]
[Black "Drazic, Sinisa"]
[Result "1/2-1/2"]
[WhiteElo "2263"]
[BlackElo "2433"]
[PlyCount "24"]
[EventDate "2014.06.27"]

1. d4 Nf6 2. c4 g6 3. Nc3 d5 4. cxd5 Nxd5 5. e4 Nxc3 6. bxc3 Bg7 7. Bc4 c5 8.
Ne2 O-O 9. O-O Nc6 10. Be3 cxd4 11. cxd4 Bg4 12. f3 Bd7 1/2-1/2

[Event "Stop parking servis - Novi Sad "]
[Site "Novi Sad"]
[Date "2014.07.03"]
[Round "10.7"]
[White "Popchev, Milko"]
[Black "Lajthajm, Borko"]
[Result "0-1"]
[WhiteElo "2331"]
[BlackElo "2526"]
[PlyCount "64"]
[EventDate "2014.06.27"]

1. Nf3 d5 2. g3 c6 3. Bg2 Bf5 4. O-O h6 5. d4 e6 6. b3 Nd7 7. Bb2 Ngf6 8. c4 a5
9. Nc3 Bd6 10. e3 O-O 11. Qe2 Ne4 12. Nxe4 Bxe4 13. Ne5 Bxg2 14. Kxg2 a4 15.
Bc3 Bxe5 16. dxe5 Nc5 17. Bb4 Qb6 18. Bxc5 Qxc5 19. f4 Rfd8 20. cxd5 Qxd5+ 21.
Qf3 Qc5 22. bxa4 Rxa4 23. Rf2 Rd3 24. Re1 Qc4 25. Ree2 Rda3 26. Rc2 Rc3 27.
Rxc3 Qxc3 28. g4 Ra3 29. Re2 b5 30. Qe4 c5 31. f5 Ra4 32. Qc6 Qxe5 0-1

[Event "18th "]
[Site "Senta"]
[Date "2014.07.19"]
[Round "1.1"]
[White "Atalik, Suat"]
[Black "Mrzic, Branko"]
[Result "1-0"]
[WhiteElo "2550"]
[BlackElo "1866"]
[PlyCount "79"]
[EventDate "2014.07.19"]

1. d4 Nf6 2. c4 e5 3. dxe5 Ng4 4. e3 Nxe5 5. Nh3 Nbc6 6. Nf4 Ng6 7. Nd5 Nce7 8.
Ndc3 b6 9. h4 Bb7 10. h5 Ne5 11. f4 N5c6 12. Be2 Nf5 13. Bf3 Bc5 14. Nd5 O-O
15. Qd3 Nfe7 16. h6 g6 17. Qc3 f6 18. Nxf6+ Rxf6 19. Qxf6 Qf8 20. Qxf8+ Rxf8
21. Nc3 Na5 22. Bxb7 Nxb7 23. g4 Na5 24. b3 Nac6 25. Nd5 Nb4 26. Nxb4 Bxb4+ 27.
Bd2 Nc6 28. Bxb4 Nxb4 29. Rd1 d6 30. Rh2 a5 31. a3 Na6 32. Re2 Nc5 33. b4 Ne4
34. bxa5 bxa5 35. Rb2 Nc5 36. Rb5 a4 37. Rxc5 dxc5 38. Rd7 Rb8 39. Rg7+ Kh8 40.
Rxc7 1-0

[Event "18th "]
[Site "Senta"]
[Date "2014.07.19"]
[Round "1.2"]
[White "Racz, Bela"]
[Black "Nadj Hedjesi, Balind"]
[Result "0-1"]
[WhiteElo "1865"]
[BlackElo "2414"]
[PlyCount "70"]
[EventDate "2014.07.19"]

1. d4 Nf6 2. Nf3 b6 3. c4 Bb7 4. e3 e6 5. Be2 Ne4 6. O-O f5 7. Nc3 Be7 8. d5
Nxc3 9. bxc3 O-O 10. Qb3 Na6 11. Rd1 Nc5 12. Qc2 Qe8 13. dxe6 dxe6 14. Nd4 Be4
15. Qb2 a6 16. f3 Bb7 17. Nb3 Rd8 18. Qc2 Qa4 19. Bb2 Bg5 20. Kf2 Bh4+ 21. Kg1
Bg5 22. Kf2 Be7 23. Bd3 Nxd3+ 24. Rxd3 Be4 25. Rad1 Rxd3 26. Rxd3 Qxc4 27. Rd4
Qxd4 28. Nxd4 Bxc2 29. Nxc2 Rd8 30. Ke2 Kf7 31. Nd4 Bf6 32. Nc6 Rd6 33. Nb4 c5
34. Nd3 c4 35. Nc1 Rd5 0-1

[Event "18th "]
[Site "Senta"]
[Date "2014.07.19"]
[Round "1.3"]
[White "Nestorovic, Dejan"]
[Black "Solymosi, Andras"]
[Result "1-0"]
[WhiteElo "2408"]
[BlackElo "1858"]
[PlyCount "125"]
[EventDate "2014.07.19"]

1. d4 Nf6 2. c4 g6 3. Nc3 Bg7 4. e4 d6 5. Nf3 O-O 6. Be2 e5 7. O-O Nc6 8. d5
Ne7 9. Bg5 h6 10. Bxf6 Bxf6 11. b4 Bg7 12. Rc1 f5 13. Qb3 g5 14. Nd2 fxe4 15.
Ndxe4 Nf5 16. c5 Nd4 17. Qd1 Bf5 18. Bg4 Bxg4 19. Qxg4 Rf4 20. Qd1 g4 21. Qd3
Qh4 22. Qg3 Qh5 23. Rfe1 Raf8 24. Kh1 Nf5 25. Qd3 Nd4 26. cxd6 cxd6 27. Nb5 Rf3
28. Re3 Rxe3 29. fxe3 Nxb5 30. Qxb5 Qg6 31. Qd3 h5 32. Kg1 Bh6 33. Rf1 Rxf1+
34. Kxf1 Qf5+ 35. Ke2 Bf8 36. Ng3 Qf7 37. a4 h4 38. Nf5 h3 39. Qe4 Qh5 40. Ng3
hxg2 41. Qxg2 Qh7 42. Ne4 Kh8 43. Kd3 Be7 44. Qc2 Bf8 45. Qc8 Qg7 46. Qf5 Be7
47. Nf2 Qh7 48. Qxh7+ Kxh7 49. Nxg4 Kg6 50. Ke4 Kg5 51. Nf2 Kg6 52. Kf3 Kf5 53.
Ne4 a6 54. h4 b6 55. b5 axb5 56. axb5 Bf8 57. Ng3+ Kg6 58. Kg4 Bh6 59. Nf5 Bf8
60. e4 Kf6 61. Kh5 Kf7 62. Kg5 Kg8 63. Kg6 1-0

[Event "18th "]
[Site "Senta"]
[Date "2014.07.19"]
[Round "1.4"]
[White "Posa, Janos"]
[Black "Kosanovic, Goran A"]
[Result "0-1"]
[WhiteElo "1852"]
[BlackElo "2394"]
[PlyCount "68"]
[EventDate "2014.07.19"]

1. d4 Nf6 2. c4 c5 3. d5 e5 4. Nc3 d6 5. e4 Be7 6. Bd3 Nbd7 7. Nge2 Nh5 8. O-O
a6 9. a4 Bg5 10. Ng3 Nf4 11. Nf5 Qf6 12. Ne2 g6 13. Nxf4 exf4 14. h4 Bxh4 15.
Nxh4 Qxh4 16. b3 Ne5 17. Bb2 Ng4 18. Qxg4 Bxg4 19. Bxh8 f3 20. Rfe1 f6 21. g3
Qg5 22. e5 fxe5 23. Bxe5 dxe5 24. Re4 Kd7 25. Rae1 Kd6 26. R4e3 a5 27. Be4 Qh5
28. Bd3 Re8 29. Bf1 Bf5 30. Re4 Bxe4 31. Rxe4 g5 32. Bd3 g4 33. Bf1 Rf8 34. Bd3
Rf6 0-1

[Event "18th "]
[Site "Senta"]
[Date "2014.07.19"]
[Round "1.5"]
[White "Obodchuk, Andrei"]
[Black "Ridjicki, Nenad"]
[Result "1-0"]
[WhiteElo "2374"]
[BlackElo "1852"]
[PlyCount "59"]
[EventDate "2014.07.19"]

1. e4 c5 2. Nf3 Nc6 3. Bb5 a6 4. Bxc6 bxc6 5. O-O g6 6. c3 Bg7 7. d4 cxd4 8.
cxd4 d6 9. h3 Qc7 10. Nc3 e6 11. e5 d5 12. Na4 Ne7 13. b3 O-O 14. Ba3 Re8 15.
Rc1 Bb7 16. Re1 Nc8 17. Qd2 h5 18. Rc2 Na7 19. Bd6 Qc8 20. Nb6 Qd8 21. Nxa8
Qxa8 22. a4 Nc8 23. Bc5 Qb8 24. g4 hxg4 25. hxg4 Ba8 26. Rc3 Qb7 27. Qg5 Nb6
28. Qh4 Bf8 29. Ng5 f5 30. exf6 1-0

[Event "18th "]
[Site "Senta"]
[Date "2014.07.19"]
[Round "1.6"]
[White "Sarnyai, Daniel"]
[Black "Andrijevic, Milan"]
[Result "1/2-1/2"]
[WhiteElo "1851"]
[BlackElo "2336"]
[PlyCount "45"]
[EventDate "2014.07.19"]

1. c4 e6 2. Nc3 d5 3. d4 Nf6 4. Nf3 c5 5. Bg5 cxd4 6. Nxd4 Be7 7. e3 dxc4 8.
Bxc4 a6 9. O-O b5 10. Qf3 Ra7 11. Bb3 b4 12. Ba4+ Kf8 13. Bxf6 gxf6 14. Nce2
Rg8 15. Qh5 e5 16. Nf5 Rg5 17. Qh6+ Kg8 18. Rfd1 Qb6 19. Nxe7+ Rxe7 20. Ng3 Rg6
21. Qh4 Rg4 22. Qh6 Rg6 23. Qh4 1/2-1/2

[Event "18th "]
[Site "Senta"]
[Date "2014.07.19"]
[Round "1.7"]
[White "Nestorovic, Lazar"]
[Black "Csomos, Janos"]
[Result "1-0"]
[WhiteElo "2331"]
[BlackElo "1848"]
[PlyCount "37"]
[EventDate "2014.07.19"]

1. d4 Nf6 2. Nf3 e6 3. e3 d5 4. Be2 c5 5. O-O Nc6 6. c4 cxd4 7. exd4 Bd6 8. Nc3
dxc4 9. Bxc4 O-O 10. a3 a6 11. Qe2 Qc7 12. Bg5 Nd7 13. Bd3 e5 14. Rac1 exd4 15.
Nd5 Qa5 16. Qe4 g6 17. b4 Qxa3 18. Ra1 Qb3 19. Rfb1 1-0

[Event "18th "]
[Site "Senta"]
[Date "2014.07.19"]
[Round "1.8"]
[White "Sakic, Simeon"]
[Black "Radusinovic, Lazar"]
[Result "0-1"]
[WhiteElo "1842"]
[BlackElo "2318"]
[PlyCount "112"]
[EventDate "2014.07.19"]

1. e4 c5 2. Nf3 Nc6 3. d4 cxd4 4. Nxd4 e5 5. Nb3 Nf6 6. Bg5 h6 7. Bxf6 Qxf6 8.
Bc4 Bb4+ 9. c3 Be7 10. O-O O-O 11. N1d2 d6 12. Qf3 Qg6 13. Qg3 Qh5 14. Bd5 Nd8
15. f4 Bh4 16. Qe3 exf4 17. Qxf4 Be7 18. Nc4 Ne6 19. Qg3 Qg5 20. Qf3 Rb8 21.
Rad1 Qg6 22. Qe3 b6 23. Rf3 Ba6 24. Rg3 Qh5 25. Rf1 Rbc8 26. Qd3 Bg5 27. Rgf3
Qg6 28. R1f2 Bh4 29. Rf1 Rc7 30. Nd4 Nc5 31. Qe2 Kh8 32. Nf5 Bg5 33. b3 Nd7 34.
Nfxd6 Qxd6 35. Nxd6 Bxe2 36. Nxf7+ Rxf7 37. Rxf7 Be3+ 38. Kh1 Bxf1 39. Rxf1
Rxc3 40. h3 Rc1 41. Rxc1 Bxc1 42. Kg1 Ne5 43. Kf2 g5 44. Ke2 Kg7 45. Kd1 Ba3
46. Kc2 h5 47. Kc3 a5 48. Bb7 Bc5 49. Bc8 Kf6 50. Bb7 g4 51. hxg4 hxg4 52. Bc8
Kg5 53. Kd2 Kf4 54. Bf5 Kg3 55. Ke1 Kxg2 56. Bxg4 Nxg4 0-1

[Event "18th "]
[Site "Senta"]
[Date "2014.07.19"]
[Round "1.9"]
[White "Vucinic, Gojko"]
[Black "Bicskei, Mihaly"]
[Result "1-0"]
[WhiteElo "2313"]
[BlackElo "1841"]
[PlyCount "71"]
[EventDate "2014.07.19"]

1. e4 Nf6 2. e5 Nd5 3. d4 d6 4. Nf3 g6 5. c4 Nb6 6. Nc3 Bg7 7. exd6 cxd6 8. Be2
O-O 9. Bg5 f6 10. Be3 Nc6 11. d5 Ne5 12. b3 Nxf3+ 13. Bxf3 Nd7 14. Bd4 Ne5 15.
Be2 Bd7 16. O-O b6 17. f4 Nf7 18. Bf3 Rc8 19. a4 a5 20. Qd2 Qc7 21. Rae1 Rfe8
22. Re2 Nh6 23. Rfe1 Kf7 24. h3 Nf5 25. Bf2 Bf8 26. g4 Nh6 27. Re3 Ng8 28. Ne2
Bh6 29. Rd3 Bg7 30. Nd4 Rb8 31. h4 Qc8 32. Ne6 Nh6 33. Rde3 Ng8 34. f5 gxf5 35.
gxf5 Bh6 36. Bh5# 1-0

[Event "18th "]
[Site "Senta"]
[Date "2014.07.19"]
[Round "1.12"]
[White "Fabian, Janos"]
[Black "Stanojevic, Branko"]
[Result "0-1"]
[WhiteElo "1793"]
[BlackElo "2251"]
[PlyCount "76"]
[EventDate "2014.07.19"]

1. c4 Nf6 2. d3 g6 3. Nc3 Bg7 4. g3 O-O 5. Bg2 c6 6. Bd2 e5 7. Qc1 Re8 8. Bg5
d6 9. Nh3 Bg4 10. O-O Nbd7 11. b4 Nf8 12. b5 Ne6 13. bxc6 bxc6 14. f3 Nxg5 15.
Nxg5 Bd7 16. Nge4 Nxe4 17. fxe4 Qa5 18. Qc2 Bh6 19. Nd1 Rab8 20. Kh1 Qc5 21.
Nc3 Rb4 22. Rab1 Reb8 23. Rxb4 Rxb4 24. Rb1 a5 25. Rxb4 axb4 26. Na4 Qf2 27.
Qd1 Bg4 28. Qf1 Qa7 29. Qd1 c5 30. Qb3 Bd7 31. Nb2 Bc1 32. h3 Qa3 33. Qxa3 bxa3
34. Nd1 Bd2 35. e3 Ba4 36. Bf3 Bb3 37. Kg2 Bxa2 38. d4 Bxc4 0-1

[Event "18th "]
[Site "Senta"]
[Date "2014.07.19"]
[Round "1.13"]
[White "Kumic, Filip"]
[Black "Lalic, Danka"]
[Result "1-0"]
[WhiteElo "2248"]
[BlackElo "1785"]
[PlyCount "85"]
[EventDate "2014.07.19"]

1. d4 d6 2. c4 Nf6 3. Nf3 g6 4. Nc3 Bg7 5. e4 O-O 6. h3 Nbd7 7. Be3 e5 8. d5
Qe7 9. Nd2 a5 10. b3 Nc5 11. Be2 Ne8 12. g4 c6 13. a3 Nc7 14. Rb1 cxd5 15. cxd5
f5 16. b4 Nxe4 17. Ncxe4 fxe4 18. Nxe4 axb4 19. axb4 Bd7 20. b5 Ne8 21. O-O Nf6
22. Bg5 h6 23. Nxf6+ Bxf6 24. Bxh6 Rf7 25. Qc2 Kh7 26. Be3 Bg5 27. Qe4 Bf4 28.
Ra1 Rh8 29. Kg2 Kg7 30. Rh1 Qg5 31. Bb6 Qh4 32. Ra7 Bc8 33. Ra8 Bg5 34. Bd3 Rf6
35. Ra2 Bf4 36. Qe2 Bg5 37. Rc2 Rf4 38. f3 Rf7 39. Qe4 Qh6 40. h4 Rf4 41. Rc7+
Rf7 42. Rxf7+ Kxf7 43. h5 1-0

[Event "18th "]
[Site "Senta"]
[Date "2014.07.19"]
[Round "1.14"]
[White "Uzumcu, Ahmet Utku"]
[Black "Farkas, Tibor"]
[Result "1/2-1/2"]
[WhiteElo "1780"]
[BlackElo "2246"]
[PlyCount "44"]
[EventDate "2014.07.19"]

1. e4 c5 2. Nf3 e6 3. d4 cxd4 4. Nxd4 a6 5. Bd3 Nf6 6. Qe2 d5 7. e5 Ng8 8. O-O
Nc6 9. Nb3 Nb4 10. Be3 Ne7 11. Bc5 Nec6 12. Bxf8 Kxf8 13. Re1 Nxd3 14. cxd3 b6
15. d4 g6 16. Nc3 Kg7 17. Rac1 Bd7 18. Qg4 Ne7 19. Nd1 Nf5 20. Ne3 Qe7 21.
Nxf5+ exf5 22. Qf3 Qe6 1/2-1/2

[Event "18th "]
[Site "Senta"]
[Date "2014.07.19"]
[Round "1.15"]
[White "Jovanovic, Aleksandar D"]
[Black "Skrbic, Svetozar"]
[Result "1-0"]
[WhiteElo "2234"]
[BlackElo "1768"]
[PlyCount "77"]
[EventDate "2014.07.19"]

1. d4 d5 2. Nf3 Nf6 3. c4 dxc4 4. e3 Bg4 5. Bxc4 e6 6. Qb3 Bxf3 7. gxf3 b6 8.
Nc3 c6 9. Bd2 Be7 10. f4 O-O 11. O-O-O b5 12. Be2 b4 13. Na4 a5 14. Kb1 Nbd7
15. Rc1 Ne4 16. Be1 Rc8 17. Bf3 Ndf6 18. Qd3 Qd5 19. Ka1 Rb8 20. Qb1 Rfc8 21.
Nc5 Nc3 22. Bxd5 Nxb1 23. Bf3 Na3 24. bxa3 bxa3 25. Bc3 Nd5 26. Bxd5 cxd5 27.
Rb1 Rxb1+ 28. Rxb1 g6 29. Rb7 Bxc5 30. dxc5 h5 31. c6 Kf8 32. c7 Ke8 33. Bxa5
Kd7 34. Kb1 f6 35. Kc2 g5 36. fxg5 fxg5 37. Kb3 g4 38. Kxa3 Ra8 39. Rb8 1-0

[Event "18th "]
[Site "Senta"]
[Date "2014.07.19"]
[Round "1.16"]
[White "Lorincz, Laszlo"]
[Black "Vranic, Ljubomir"]
[Result "0-1"]
[WhiteElo "1765"]
[BlackElo "2218"]
[PlyCount "58"]
[EventDate "2014.07.19"]

1. d4 e6 2. Nf3 Nf6 3. Bf4 b6 4. e3 Bb7 5. Nbd2 Be7 6. Bd3 Nh5 7. Bg3 d6 8. c3
Nd7 9. Qc2 g6 10. Be4 c6 11. Bd3 f5 12. Nc4 Ndf6 13. Bh4 b5 14. Ncd2 a6 15. h3
c5 16. Be2 Qc7 17. Rc1 h6 18. g4 Ng7 19. Rg1 g5 20. Bg3 Ne4 21. dxc5 Nxg3 22.
Rxg3 dxc5 23. e4 Bd6 24. Rg1 Bf4 25. gxf5 exf5 26. exf5 Rf8 27. Bd3 O-O-O 28.
Kf1 Bxf3 29. Nxf3 Bxc1 0-1

[Event "18th "]
[Site "Senta"]
[Date "2014.07.19"]
[Round "1.17"]
[White "Nagy, Attila N"]
[Black "Mester, Ferenc"]
[Result "1-0"]
[WhiteElo "2212"]
[BlackElo "1760"]
[PlyCount "77"]
[EventDate "2014.07.19"]

1. e4 e5 2. Nf3 Nc6 3. Bb5 Nge7 4. O-O a6 5. Ba4 d6 6. c3 b5 7. Bb3 h6 8. d4
exd4 9. cxd4 Bb7 10. Nc3 Ng6 11. Qe2 Qf6 12. Nd5 Qd8 13. Rd1 Na5 14. Bc2 Bxd5
15. exd5+ Qe7 16. Qf1 Qf6 17. a4 Nc4 18. axb5 Nb6 19. bxa6 Be7 20. Qb5+ Kf8 21.
Qc6 Bd8 22. a7 Ne7 23. Qb7 g6 24. Ra6 Nec8 25. Bd2 Qe7 26. Re1 Qd7 27. Ba5 Qb5
28. Bxb6 cxb6 29. Ba4 Qc4 30. Bd7 Kg7 31. Ra4 Qc7 32. Qxa8 Qxd7 33. Qc6 Qxc6
34. dxc6 Nxa7 35. Rxa7 Bf6 36. Rb7 g5 37. h3 h5 38. c7 Rc8 39. Rc1 1-0